Snímanie koncentrácie prachových častíc v ovzduší s využitím mikropočítača

Enregistré dans:
Détails bibliographiques
Auteur principal: Valachová, Zuzana (Auteur)
Autres auteurs: Takács, Gergely (Directeur de thèse)
Format: Manuscrit Livre
Langue:slovaque
Publié: 2016
Sujets:
Accès en ligne:http://is.stuba.sk/zp/portal_zp.pl?podrobnosti=133592
Tags: Ajouter un tag
Pas de tags, Soyez le premier à ajouter un tag!

MARC

LEADER 00000ntm a22000003a 4500
001 stuzp58594
003 SK-STU
005 20160719155620.2
007 ta
008 150427s2015----xo-----f-mn---000-0-slo-d
040 |a STU  |b slo 
041 0 |a slo 
100 1 |a Valachová, Zuzana  |u 020020  |k Z4  |4 aut  |U SjF Strojnícka fakulta  |T SjF Ústav automatizácie, merania a aplikovanej informatiky  |X 42035  |U J0020  |Y 802  |7 A000042035 
242 0 1 |a Sensing concentrations of particulates in the air using a microcomputer  |y eng 
245 1 0 |a Snímanie koncentrácie prachových častíc v ovzduší s využitím mikropočítača 
260 |c 2016 
650 4 |a Snímanie  |2 slo 
650 4 |a Prachové častice  |2 slo 
650 4 |a Mikropočítač  |2 slo 
650 4 |a Shooting  |2 eng 
650 4 |a Dust particles  |2 eng 
650 4 |a Micro-computer  |2 eng 
700 1 |a Takács, Gergely  |u 020020  |k Z1  |4 ths  |U SjF Strojnícka fakulta  |T SjF Ústav automatizácie, merania a aplikovanej informatiky  |X 21811  |U J0020  |Y 802  |7 A000021811 
856 4 |u http://is.stuba.sk/zp/portal_zp.pl?podrobnosti=133592 
996 |b 284J044098  |c J* 2388/DP  |l JJSK  |s A  |a 24  |w stuzp58594_0001 
SQL |a stuzp58594  |b DDP  |c SLO  |d Snímanie koncentrácie prachových častíc v ovzduší s využitím mikropočítača  |e 42035  |f Valachová, Zuzana  |g 020020  |h 21811  |i Takács, Gergely  |j 20160616  |k 648  |l 02  |m http://is.stuba.sk/zp/portal_zp.pl?podrobnosti=133592  |n I-MESK  |o 5.2.53. meranie